| 000 | 01770nam0a22003971 4500 | ||
|---|---|---|---|
| 001 | v19\rc\1581396 | ||
| 005 | 20250618211653.0 | ||
| 035 | _a(NLR Aleph) 004708063 | ||
| 090 |
_a4161114 _c4161114 |
||
| 100 | _a20061002e1893 |||y0rusy50 ca | ||
| 101 | 0 | _arus | |
| 102 | _aRU | ||
| 105 | _aa z ||||| | ||
| 200 | 1 |
_aО Мурмане и его промыслах _f[Шейн С.] |
|
| 210 |
_a[Санкт-Петербург _cб. и. _d1893] |
||
| 215 |
_a45 с., 1 л. табл. _d24 |
||
| 300 | _aАвт. установлен по автогр. на экз. РНБ | ||
| 309 | _aБез тит. л. и обл. | ||
| 311 | _aОтт. из "Морского сб.", 1893, 254, № 4 | ||
| 316 |
_aЭкз. РНБ (18.182.4.744): с автогр. авт. _5NLR: 18.182.4.744 |
||
| 320 | _aБиблиогр. в примеч. | ||
| 488 | 0 |
_12001#$aМорской сборник$v1893, 254, № 4 _171002$3RU\NLR\AUTH\8810081790$a"Морской сборник", журнал$cСанкт-Петербург _tМорской сборник _a"Морской сборник", журнал (Санкт-Петербург) |
|
| 606 | 1 |
_aПромыслы _xИстория _yАрхангельская губерния _92622691 _3RU\NLR\AUTH\661559251 |
|
| 617 |
_aРоссия _mЕвропейская часть _mСеверо-Запад _mКольский полуостров |
||
| 686 | _aУ03(2Р-4Арх)5 | ||
| 686 | _aУ30(28)09 | ||
| 686 | _aТ52(2Р31-4Арх) | ||
| 700 | 1 |
_7ca _8rus _aШейн _bС. _9129132 _3RU\NLR\AUTH\770129163 |
|
| 801 | 0 |
_aRU _bNLR _gpsbo |
|
| 801 | 0 |
_aRU _bRuMoRGB _2psbo |
|
| 801 | 1 |
_aRU _bProSoft-M _2rusmarc |
|
| 801 | 2 |
_aRU _bNLR _c20140206 _2rusmarc |
|
| 852 |
_aNLR _j18.182.4.744 |
||
| 899 |
_aRuMoRGB _jW 68/379 |
||
| 942 | _cBOOK | ||
| 980 | _aNB | ||